000 00498caa a22001932a 4500
001 002661
003 AR-FADEU
008 311216n############xxu####################dd
092 _aPP(301)REV
100 _aCliment, Graciela
245 _bLa maternidad adolescente, una expresión de la cuestión social
245 _aRevista Argentina de Sociología
300 _a77-93
440 _v1
440 _n1
260 _cnov. dic. 2003
546 _aADOLESCENCIA-MATERNIDAD
942 _cPPGR
999 _c5439
_d5439